[Event "ROM-ch"]
[Site "Targu Mures"]
[Date "2014.05.04"]
[Round "11"]
[White "Paune, Florea"]
[Black "Puskas, Janos"]
[Result "0-1"]
[WhiteElo "1793"]
[BlackElo "2068"]
[PlyCount "96"]
[EventDate "2014.04.26"]
[EventType "swiss"]
[EventRounds "11"]
[EventCountry "ROU"]
[SourceTitle "CBM 160 Extra"]
[Source "ChessBase"]
[SourceDate "2014.07.01"]
[SourceVersion "1"]
[SourceVersionDate "2014.07.01"]
[SourceQuality "1"]

1. e4 c5 2. Bc4 e6 3. c3 a6 4. Nf3 b5 5. Bb3 Bb7 6. d3 Nf6 7. Bg5 Be7 8. Nbd2 0-0 9. 0-0 d5 10. exd5 Nxd5 11. Bxd5 Bxd5 12. Bxe7 Qxe7 13. Re1 Nd7 14. Qe2 Rfe8 15. c4 Bb7 16. b3 Qf6 17. Ne4 Bxe4 18. dxe4 b4 19. Rad1 Ne5 20. Nxe5 Qxe5 21. g3 Red8 22. f4 Qc3 23. Kf2 Rd4 24. Rc1 Qd2 25. Qxd2 Rxd2+ 26. Re2 Rad8 27. Rce1 R2d3 28. Re3 R3d4 29. R1e2 f6 30. Re1 a5 31. R1e2 a4 32. h3 Kf7 33. Kf3 g5 34. fxg5 fxg5 35. e5 Kg6 36. Kg2 a3 37. Rf2 Rd2 38. Ref3 Rb2 39. Rf6+ Kg7 40. g4 Rd7 41. Kg3 Rd3+ 42. Kg2 Rxf2+ 43. Kxf2 Rd2+ 44. Ke3 Rxa2 45. Rxe6 Rb2 46. Re7+ Kf8 47. Rxh7 Rxb3+ 48. Ke4 a2 0-1

[Event "ROM-ch"]
[Site "Targu Mures"]
[Date "2014.04.27"]
[Round "3"]
[White "Paune, Florea"]
[Black "Kelemen, Norbert1111"]
[Result "0-1"]
[WhiteElo "1793"]
[BlackElo "1558"]
[PlyCount "49"]
[EventDate "2014.04.26"]
[EventType "swiss"]
[EventRounds "11"]
[EventCountry "ROU"]
[SourceTitle "CBM 160 Extra"]
[Source "ChessBase"]
[SourceDate "2014.07.01"]
[SourceVersion "1"]
[SourceVersionDate "2014.07.01"]
[SourceQuality "1"]

1. e4 e5 2. f4 exf4 3. Nf3 Bc5 4. d4 Bb6 5. Bxf4 d6 6. Bc4 Bg4 7. e5 d5 8. Be2 Ne7 9. 0-0 Nbc6 10. c3 0-0 11. h3 Be6 12. Nbd2 f6 13. exf6 Rxf6 14. Bg5 Rf8 15. Nb3 Qd7 16. Kh2 Qd6+ 17. Kh1 Nf5 18. Re1 h6 19. Bh4 Nxh4 20. Nxh4 Qg3 21. Nf3 Bxh3 22. gxh3 Qxh3+ 23. Kg1 Ne5 24. Nh2 Qg3+ 25. Kh1 0-1